| 000 | 00900nam a22002057a 4500 | ||
|---|---|---|---|
| 003 | OSt | ||
| 005 | 20250819145342.0 | ||
| 008 | 241007b |||||||| |||| 00| 0 eng d | ||
| 040 | _c0 | ||
| 082 | _aDPer 613.705 J826 January-December 2020 v. 91 n. 1-9 | ||
| 100 |
_aDrewson, Staci R. _eauthor. _962475 |
||
| 245 |
_aLeveraging service learning in PETE programs : _btraining preservice teachers on the afterschool component of CSPAP / _cStaci R. Drewson and Jeremy Lackman. |
||
| 260 |
_aVirginia ; _bAmerican Alliance for Health , _cMarch 2020. |
||
| 300 |
_aVolume 91, pages 17-25 : _billustration ; _c28 cm. |
||
| 500 | _aThe Journal of Physical Education Recreation & Dance, vol. 91, no. 3, pages 17-25, March 2020. | ||
| 650 | 0 |
_aPhysical education and training. Sports. _938320 |
|
| 700 |
_aDrewson, Staci R. _eauthor. _962475 |
||
| 700 |
_aLackman, Jeremy. _eauthor. _966937 |
||
| 942 |
_2ddc _cPER |
||
| 999 |
_c22318 _d22318 |
||